Bolest a možnosti jejího zmírnění či odstranění / Jiří Vorlíček, Pavel Ševčík
Record details
- Physical Description: 12 stran ; 21 cm
- Publisher: Praha : Liga proti rakovině Praha, [2000]
Search for related items by subject
| Genre: | terapie bolesti informační publikace |
Available copies
- 1 of 1 copy available at Common Catalog SPOK.
Holds
- 0 current holds with 1 total copy.
Show All Copies
| Location | Call Number / Copy Notes | Barcode | Shelving Location | Status | Due Date |
|---|---|---|---|---|---|
| Hospic Dobrého Pastýře | PA
Tematická katagorie: Odborná - paliativní péče (PA) |
204595701923 | Skříň ve 2. patře (SKŘ) | Available | - |
| LDR | nam a22 i 4500 | ||
|---|---|---|---|
| 001 | 30100 | ||
| 003 | CZ-PrJAB | ||
| 005 | 20180306132633.0 | ||
| 007 | ta | ||
| 008 | s2000 xr e 000 0 cze | ||
| 040 | . | ‡aABG312 ‡bcze ‡erda | |
| 072 | 7. | ‡a616 ‡xPatologie. Klinická medicína ‡2Konspekt ‡914 | |
| 100 | 1 | . | ‡aVorlíček, Jiří ‡4aut |
| 245 | 1 | 0. | ‡aBolest a možnosti jejího zmírnění či odstranění / ‡cJiří Vorlíček, Pavel Ševčík |
| 264 | 1. | ‡aPraha : ‡bLiga proti rakovině Praha, ‡c[2000] | |
| 300 | . | ‡a12 stran ; ‡c21 cm | |
| 336 | . | ‡atext ‡btxt ‡2rdacontent | |
| 338 | . | ‡asvazek ‡bnc ‡2rdacarrier | |
| 655 | 7. | ‡aterapie bolesti ‡ainformační publikace | |
| 700 | 1 | . | ‡aŠevčík, Pavel ‡4aut |
| 910 | . | ‡aBNE702 | |
| 901 | . | ‡a30100 ‡b ‡c30100 ‡tbiblio | |